000 01327cam a2200373 a 4500
001 2131
003 FISKH
005 20250630104602.0
008 100621s2011 nyua b 000 1 eng
010 _a 2010022978
020 _a9780061430015 (trade bdg.)
020 _a9780061430008 (pbk. bdg.)
020 _a9780545343503
040 _aDLC
_cDLC
_dDLC
_beng
042 _alcac
050 0 0 _aPZ7.G84568
_bAf 2011
082 0 0 _a813.6
_222
100 1 _aGreenhut, Josh.
245 1 4 _aThe African safari discovery /
_ccreated by Jeff Brown ; written by Josh Greenhut ; pictures by Macky Pamintuan.
260 _aNew York :
_bScholastic,
_c2011.
300 _a91 pages :
_billustrations ;
_c20 cm
490 0 _aFlat Stanley's worldwide adventures ;
_vBook 6
505 _aO
520 _aFlat Stanley, his father, and his brother travel to Africa in search of a recently discovered flat skull, hoping it will provide clues to Stanley's condition.
521 1 _a620
_bLexile
521 1 _aO
_bRaz-Plus
650 1 _aVoyages and travels
_vFiction.
650 1 _aAdventure and adventurers
_vFiction.
651 1 _aAfrica
_vFiction.
700 1 _aBrown, Jeff,
_d1926-2003.
_eCreator
700 1 _aPamintuan, Macky,
_eillustrator
906 _a7
_bcbc
_corignew
_d1
_eecip
_f20
_gy-gencatlg
942 _2ddc
_cBK
_n0
999 _c2131
_d2131